10 longest rivers in the world - Statistics

General Stats
  • This quiz has been taken 35 times
  • The average score is 7 of 10
Answer Stats
Answer Length
(km)
Continent % Correct
Nile 6,650 Africa
100%
Amazon 6,400 South America
97%
Mississippi-Missouri 6,275 North America
90%
Yellow river 5,464 Asia
90%
Yangtze 6,300 Asia
83%
Congo (Zarie) 4,700 Africa
66%
Rio de la Plata-Parana 4,880 South America
59%
Amur-Argun 4,444 Asia
55%
Ob-Irtysh 5,410 Asia
52%
Yenisei-Angara-Selenga 5,539 Asia
34%
No matching quizzes found
Score Distribution
Percent of People with Each Score
Percentile by Number Answered
Your Score History
You have not taken this quiz